Ładuje się......
Manual of Sheep Diseases
| Główni autorzy: | , , |
|---|---|
| Format: | Printed Book |
| Język: | Undetermined |
| Wydane: |
Berlin
2002
Blackwell Science |
| Wydanie: | 2 |
| Hasła przedmiotowe: |
| LEADER | 00692nam a2200265Ia 4500 | ||
|---|---|---|---|
| 008 | 141122s9999 xx 000 0 und d | ||
| 020 | |a 63205999 | ||
| 040 | |c . | ||
| 041 | |a English | ||
| 082 | |a 616.0758 | ||
| 082 | |b HIN/MAN | ||
| 100 | |a Agnes | ||
| 100 | |a C Agnes Winter | ||
| 100 | |a J C Hindson | ||
| 245 | |a Manual of Sheep Diseases | ||
| 245 | |c J C Hindson | ||
| 250 | |a 2 | ||
| 260 | |b Berlin | ||
| 260 | |b Blackwell Science | ||
| 260 | |c 2002 | ||
| 300 | |a 289 Pages | ||
| 650 | |a Pathology | ||
| 942 | |c BK | ||
| 999 | |c 2822 |d 2822 | ||
| 952 | |0 0 |1 0 |2 ddc |4 0 |6 636_089300000000000_HINMAN |7 0 |9 2791 |a COVAS |b COVAS |d 0000-00-00 |o 636.0893 HIN/MAN |p 18176 |r 2014-11-26 |w 2014-11-26 |y BK | ||